000 00712cam a2200205ua 4500
001 11278
005 20260515114731.0
008 190906n ii |||gs||||Z001|0|asm
020 _a9788120288652
040 _cMAIN
082 _a891.451
100 _aSukdev Adhikari .,
_eEditor.,
245 _aChetanar sandhan :
_bNational Seminar on Social consciousness in the lyrical composition of Jyotiprasad Agarwala, Bishnuprasad Rabha & Dr Bhupen Hazarika /
_cEdited by Sukdev Adhikari .
260 _aNagaon:
_bDhing College,
_c2012.
300 _a352p.
653 _aEast Indo-European & Celtic literatures
653 _aUGC sponsored National seminar
700 _aBiman kumar doley.,
_eEditor.
942 _cBK
999 _c10124
_d10124